| 000 | 003940000a22001570004500 | ||
|---|---|---|---|
| 003 | LK-CoMWRAF | ||
| 008 | 230817t ||||| |||| 00| 0 eng d | ||
| 040 |
_aLK-CoMWRAF _dLK-CoMWRAF _eLK-CoMWRAF |
||
| 041 | _aeng | ||
| 082 |
_a750 _bMOO |
||
| 245 |
_aMoors Islamic Cultural Home _bsouvenir III 1970-1976 |
||
| 260 |
_aColombo _bMICH _c1978 |
||
| 300 | _ap.195 | ||
| 650 | _aMuslims | ||
| 942 | _cBK | ||
| 999 |
_c2641 _d2641 |
||